000 00480nam a2200193Ia 4500
003 OSt
005 20220926040408.0
006 a|||||r|||| 00| 0
007 ta
008 220923b |||||||| |||| 00| 0 eng d
037 _cGeneral Book
040 _aRTL
_cRTL
_beng
041 _2eng
_aeng
082 _aX, G8.1
100 _aWicksell K
_9343585
245 0 _aLectures on political economy
942 _hX, G8.1
_cGB
_2CC
999 _c664693
_d664693